北九州市(門司 小倉北 小倉南 若松) 区別公称町名クイズ - Statistics

General Stats
  • This quiz has been taken 11 times
  • The average score is 41 of 421
Answer Stats
Answer % Correct
門司区 小森江
56%
小倉北区 大手町
56%
小倉南区 小森
56%
門司区 門司
44%
門司区 高田
44%
小倉北区 三萩野
44%
小倉南区 下曽根
44%
門司区 吉志
33%
門司区 大里
33%
門司区 吉志新町
33%
門司区 清滝
33%
若松区 | 門司区 本町
33%
小倉北区 片野
33%
小倉北区 清水
33%
小倉北区 黄金
33%
小倉北区 砂津
33%
小倉北区 大門
33%
小倉北区 弁天町
33%
小倉北区 室町
33%
小倉南区 曽根
33%
小倉南区 北方
33%
小倉南区 城野
33%
若松区 二島
33%
門司区 恒見
22%
門司区 西海岸
22%
門司区 東本町
22%
小倉北区 青葉
22%
小倉北区 足立
22%
小倉北区 泉台
22%
小倉北区 魚町
22%
小倉北区 中井
22%
小倉北区 上到津
22%
小倉北区 上富野
22%
小倉北区 香春口
22%
小倉北区 貴船町
22%
小倉北区 霧ケ丘
22%
小倉北区 金鶏町
22%
小倉北区 皿山町
22%
小倉北区 篠崎
22%
小倉北区 下到津
22%
小倉北区 白銀
22%
小倉北区 高尾
22%
小倉北区 中井口
22%
小倉北区 中島
22%
小倉北区 西港町
22%
小倉北区 萩崎町
22%
小倉北区 馬借
22%
小倉北区 東港
22%
小倉北区 南丘
22%
小倉北区 山田町
22%
小倉北区 若富士町
22%
小倉南区 安部山
22%
小倉南区 朽網
22%
小倉南区 志井
22%
小倉南区 徳吉
22%
小倉南区 徳力
22%
小倉南区
22%
小倉南区 上曽根
22%
小倉南区 企救丘
22%
小倉南区 徳吉西
22%
小倉南区 守恒
22%
小倉南区 若園
22%
若松区 ひびきの
22%
門司区 青葉台
11%
門司区 泉ケ丘
11%
門司区 稲積
11%
門司区 老松町
11%
門司区 大久保
11%
門司区 奥田
11%
門司区 伊川
11%
門司区 今津
11%
門司区 大積
11%
門司区 黒川
11%
門司区 猿喰
11%
門司区 白野江
11%
門司区 田野浦
11%
門司区
11%
門司区 柄杓田
11%
門司区 花月園
11%
門司区 風師
11%
門司区 片上町
11%
門司区 上二十町
11%
門司区 上藤松
11%
門司区 上本町
11%
門司区 上馬寄
11%
門司区 北川町
11%
門司区 旧門司
11%
門司区 清見
11%
門司区 清見佐夜町
11%
門司区 葛葉
11%
門司区 黒川西
11%
門司区 黒川東
11%
門司区 黄金町
11%
門司区 小松町
11%
門司区 栄町
11%
門司区 寺内
11%
門司区 社ノ木
11%
門司区 庄司町
11%
門司区 城山町
11%
門司区 新開
11%
門司区 新原町
11%
門司区 新門司
11%
門司区 瀬戸町
11%
門司区 大里戸ノ上
11%
門司区 大里原町
11%
門司区 大里東
11%
門司区 大里本町
11%
門司区 大里桃山町
11%
門司区 太刀浦海岸
11%
門司区 谷町
11%
門司区 田野浦海岸
11%
門司区 恒見町
11%
門司区 長谷
11%
門司区 中二十町
11%
門司区 鳴竹
11%
門司区 西新町
11%
門司区 畑田町
11%
若松区 | 門司区 浜町
11%
門司区 東港町
11%
門司区 東門司
11%
門司区 光町
11%
門司区 柄杓田町
11%
門司区 広石
11%
門司区 藤松
11%
門司区 二タ松町
11%
門司区 法師庵
11%
門司区 松崎町
11%
門司区 松原
11%
門司区 丸山
11%
門司区 丸山吉野町
11%
小倉北区 | 門司区 緑ケ丘
11%
門司区 港町
11%
門司区 元清滝
11%
門司区 桃山台
11%
門司区 柳原町
11%
門司区 柳町
11%
小倉北区 赤坂
11%
小倉北区 赤坂海岸
11%
小倉北区 浅野
11%
小倉北区 朝日ケ丘
11%
小倉北区 足原
11%
小倉北区 愛宕
11%
小倉北区 板櫃町
11%
小倉北区 井堀
11%
小倉北区 今町
11%
小倉北区 鋳物師町
11%
小倉北区 宇佐町
11%
小倉北区 江南町
11%
小倉北区 大田町
11%
小倉北区 藍島
11%
小倉北区 板櫃
11%
小倉北区 富野
11%
小倉北区 鍛冶町
11%
小倉北区 片野新町
11%
小倉北区 金田
11%
小倉北区 木町
11%
小倉北区 京町
11%
小倉北区 熊谷
11%
小倉北区 熊本
11%
小倉北区 黒住町
11%
小倉北区 黒原
11%
小倉北区 許斐町
11%
小倉北区 米町
11%
小倉北区 紺屋町
11%
小倉北区 菜園場
11%
小倉北区 堺町
11%
小倉北区 三郎丸
11%
小倉北区 山門町
11%
小倉北区 | 小倉南区 重住
11%
小倉北区 下富野
11%
小倉北区 寿山町
11%
小倉北区 城内
11%
小倉北区 城野団地
11%
小倉北区 昭和町
11%
小倉北区 白萩
11%
小倉北区 新高田
11%
小倉北区 末広
11%
小倉北区 須賀町
11%
小倉北区 船頭町
11%
小倉北区 船場町
11%
小倉北区 高浜
11%
小倉北区 高峰町
11%
小倉北区 竪町
11%
小倉北区 田町
11%
小倉北区 常盤町
11%
小倉北区 中井浜
11%
小倉北区 中津口
11%
小倉北区 長浜町
11%
小倉北区 | 若松区 原町
11%
小倉北区 日明
11%
小倉北区 東篠崎
11%
小倉北区 東城野町
11%
小倉北区 真鶴
11%
小倉北区
11%
小倉北区 妙見町
11%
小倉北区 明和町
11%
小倉南区 石田南
11%
小倉南区 石田
11%
小倉南区 石原町
11%
小倉南区 市丸
11%
小倉南区 井手浦
11%
小倉南区 合馬
11%
小倉南区 長行
11%
小倉南区 蒲生
11%
小倉南区 葛原
11%
小倉南区 新道寺
11%
小倉南区 曽根新田
11%
小倉南区 長野
11%
小倉南区
11%
小倉南区 春吉
11%
小倉南区 山本
11%
小倉南区 湯川
11%
小倉南区 横代
11%
小倉南区 吉田
11%
小倉南区 呼野
11%
小倉南区 上石田
11%
小倉南区 上葛原
11%
小倉南区 上貫
11%
小倉南区 上吉田
11%
小倉南区 空港北町
11%
小倉南区 朽網西
11%
小倉南区 朽網東
11%
小倉南区 葛原高松
11%
小倉南区 志井鷹羽台
11%
小倉南区 下石田
11%
小倉南区 下城野
11%
小倉南区 下貫
11%
小倉南区 下吉田
11%
小倉南区 新曽根
11%
小倉南区 星和台
11%
小倉南区 曽根北町
11%
小倉南区 曽根新田南
11%
小倉南区 田原
11%
小倉南区 田原新町
11%
小倉南区 徳吉東
11%
小倉南区 中曽根
11%
小倉南区 中曽根東
11%
小倉南区 中吉田
11%
小倉南区 貫弥生が丘
11%
小倉南区 沼新町
11%
小倉南区 沼本町
11%
小倉南区 沼緑町
11%
小倉南区 沼南町
11%
小倉南区 八幡町
11%
小倉南区 葉山町
11%
小倉南区 東貫
11%
小倉南区 東水町
11%
小倉南区 日の出町
11%
小倉南区 平尾台
11%
小倉南区 富士見
11%
小倉南区 舞ケ丘
11%
小倉南区 湯川新町
11%
小倉南区 吉田にれの木坂
11%
若松区 赤島町
11%
若松区 老松
11%
若松区 大鳥居
11%
若松区 小敷
11%
若松区 修多羅
11%
若松区 高須
11%
若松区 藤木
11%
若松区 片山
11%
若松区 鴨生田
11%
若松区 白山
11%
若松区 藤ノ木
11%
若松区 古前
11%
若松区 用勺町
11%
門司区 梅ノ木町
0%
門司区 喜多久
0%
門司区 春日町
0%
門司区 片上海岸
0%
門司区 下二十町
0%
門司区 下馬寄
0%
門司区 新門司北
0%
門司区 大里桜ケ丘
0%
門司区 大里新町
0%
門司区 大里東口
0%
門司区 大里元町
0%
門司区 高砂町
0%
門司区 永黒
0%
門司区 中町
0%
門司区 錦町
0%
門司区 羽山
0%
門司区 原町別院
0%
門司区 東新町
0%
門司区 東馬寄
0%
門司区 不老町
0%
門司区 別院
0%
門司区 丸山町
0%
門司区 南本町
0%
門司区 矢筈町
0%
小倉北区 大畠
0%
小倉北区 馬島
0%
小倉北区 神岳
0%
小倉北区 小文字
0%
小倉北区 神幸町
0%
小倉北区 親和町
0%
小倉北区 高見台
0%
小倉北区 竪林町
0%
小倉北区 富野台
0%
小倉北区 平松町
0%
小倉北区 古船場町
0%
小倉北区 吉野町
0%
小倉南区 石田町
0%
小倉南区 長行西
0%
小倉南区 長行東
0%
小倉南区 頂吉
0%
小倉南区 隠蓑
0%
小倉南区 木下
0%
小倉南区 高津尾
0%
小倉南区 田代
0%
小倉南区 辻三
0%
小倉南区 津田
0%
小倉南区 道原
0%
小倉南区 堀越
0%
小倉南区 南方
0%
小倉南区 母原
0%
小倉南区 上曽根新町
0%
小倉南区 葛原東
0%
小倉南区 葛原本町
0%
小倉南区 葛原元町
0%
小倉南区 志徳
0%
小倉南区 下曽根新町
0%
小倉南区 下南方
0%
小倉南区 曽根新田北
0%
小倉南区 高野
0%
小倉南区 津田新町
0%
小倉南区 津田南
0%
小倉南区 徳力新町
0%
小倉南区 徳力団地
0%
小倉南区 長尾
0%
小倉南区 中曽根新町
0%
小倉南区 中貫
0%
小倉南区 中貫本町
0%
小倉南区 長野東町
0%
小倉南区 長野本町
0%
小倉南区 西貫
0%
小倉南区 西水町
0%
小倉南区 蜷田若園
0%
小倉南区 春ケ丘
0%
小倉南区 南若園
0%
小倉南区 守恒本町
0%
小倉南区 八重洲町
0%
小倉南区 山手
0%
小倉南区 横代北町
0%
小倉南区 横代葉山
0%
小倉南区 横代東町
0%
小倉南区 横代南町
0%
若松区 青葉台西
0%
若松区 青葉台東
0%
若松区 青葉台南
0%
若松区 赤岩町
0%
若松区 赤崎町
0%
若松区 今光
0%
若松区 栄盛川町
0%
若松区 大池町
0%
若松区 大井戸町
0%
若松区 大谷町
0%
若松区 蜑住
0%
若松区 有毛
0%
若松区 安瀬
0%
若松区 安屋
0%
若松区 小竹
0%
若松区 乙丸
0%
若松区 小石
0%
若松区 塩屋
0%
若松区 竹並
0%
若松区 頓田
0%
若松区 畠田
0%
若松区 払川
0%
若松区 上原町
0%
若松区 北浜
0%
若松区 北湊町
0%
若松区 響南町
0%
若松区 くきのうみ中央
0%
若松区 久岐の浜
0%
若松区 小石本村町
0%
若松区 小糸町
0%
若松区 向洋町
0%
若松区 小敷ひびきの
0%
若松区 桜町
0%
若松区 迫田町
0%
若松区 下原町
0%
若松区 新大谷町
0%
若松区 高須北
0%
若松区 高須西
0%
若松区 高須東
0%
若松区 高須南
0%
若松区 棚田町
0%
若松区 童子丸
0%
若松区 童子丸町
0%
若松区 中川町
0%
若松区 中畑町
0%
若松区 波打町
0%
若松区 西小石町
0%
若松区 西園町
0%
若松区 西天神町
0%
若松区 西畑町
0%
若松区 畑谷町
0%
若松区 花野路
0%
若松区 東小石町
0%
若松区 東畑町
0%
若松区 東二島
0%
若松区 ひびきの北
0%
若松区 ひびきの南
0%
若松区 響町
0%
若松区 深町
0%
若松区 南二島
0%
若松区 宮前町
0%
若松区 宮丸
0%
若松区 柳崎町
0%
若松区 山手町
0%
若松区 山ノ堂町
0%
若松区 百合野町
0%
若松区 和田町
0%
No matching quizzes found
Score Distribution
Percent of People with Each Score
Percentile by Number Answered
Your Score History
You have not taken this quiz